[Event "25th Politiken Cup"]
[Site "Copenhagen DEN"]
[Date "2003.07.16"]
[Round "3"]
[White "Larsen,Ka"]
[Black "Ward,C"]
[Result "1/2-1/2"]
[WhiteElo "2282"]
[BlackElo "2531"]

1.e4 c5 2.Nf3 d6 3.Bb5+ Bd7 4.Bxd7+ Qxd7 5.O-O Nc6 6.c3 Nf6 7.d4 cxd4 8.cxd4 d5
9.e5 Ng8 10.Nc3 e6 11.Ne2 Nge7 12.Ng3 h5 13.Bg5 O-O-O 14.Qd2 Kb8 15.b4 Re8
16.b5 Nd8 17.a4 Nc8 18.Qd3 Be7 19.Be3 f5 20.h4 Nb6 21.Nd2 Bxh4 22.a5 Nc4
23.Nxc4 dxc4 24.Qxc4 Bxg3 25.fxg3 h4 26.d5 Qxd5 27.Bxa7+ Ka8 28.Qc8+ Kxa7
29.b6+ Ka6 30.Qa8+ Kb5 31.Rab1+ Ka4 32.Ra1+ Kb5 33.Rfb1+ Kc4 34.Rc1+ Kb3
35.Rab1+ Ka2 36.Ra1+ Kb2 37.Rcb1+ Kc2  1/2-1/2

[Event "Junior Open"]
[Site "Saint Lo FRA"]
[Date "2003.07.16"]
[Round "8"]
[White "Maze,S"]
[Black "Butkiewicz,L"]
[Result "1-0"]
[WhiteElo "2412"]
[BlackElo "2073"]

1.e4 c5 2.Nf3 d6 3.Bb5+ Bd7 4.Bxd7+ Qxd7 5.O-O Nc6 6.b3 Nf6 7.Re1 g6 8.Bb2 Bg7
9.Nc3 O-O 10.Nd5 Nxd5 11.Bxg7 Kxg7 12.exd5 Nd4 13.Nxd4 cxd4 14.Re4 d3 15.c4 Qf5
16.Qf3 Qxf3 17.gxf3 e5 18.dxe6 fxe6 19.Rxe6 Rxf3 20.Rxd6 Raf8 21.Rf1 R8f7
22.Re6 R3f4 23.Re3 Rg4+ 24.Kh1 Rd4 25.f3 h5 26.Kg2 Kh6 27.Rfe1 Rdd7 28.Re6 a6
29.Rb6 Rf6 30.h4 Rff7 31.Ree6 Rg7 32.f4 Kh7 33.Kf3 Rdf7 34.Rf6 Rxf6 35.Rxf6 Re7
36.Rd6 Re1 37.Rxd3 Rf1+ 38.Kg3 Rg1+ 39.Kf2 Rg4 40.Rd7+ Kh6 41.Kf3 g5 42.c5 Rxh4
43.c6 Rh1 44.d3 h4 45.Rd4  1-0

[Event "Open"]
[Site "Ikaros GRE"]
[Date "2003.07.18"]
[Round "7"]
[White "Kapnisis,S"]
[Black "Fontaine,R"]
[Result "1/2-1/2"]
[WhiteElo "2392"]
[BlackElo "2541"]

1.e4 c5 2.Nf3 d6 3.Bb5+ Bd7 4.Bxd7+ Qxd7 5.c4 Nc6 6.d4 cxd4 7.Nxd4 g6 8.Nc3 Bg7
9.Nde2 Nf6 10.O-O O-O 11.f3 a6 12.a4 e6 13.Bg5 Qc7 14.Kh1 Nd7 15.Rb1 Nde5
16.b3 Nb4 17.Qd2 f6 18.Be3 Rad8 19.Nf4 Qf7 20.Rbd1 g5 21.Nfe2 Kh8 22.Ng3 Nbd3
23.Qc2 Nf4 24.Nge2 Bh6 25.Qd2 Neg6 26.g3 Nxe2 27.Nxe2 Ne5 28.Nd4 Rfe8 29.Qe2 d5
30.f4 gxf4 31.gxf4 Nc6 32.f5 Nxd4 33.Bxd4 e5 34.Bb6 d4 35.Bxd8 Rxd8 36.Rd3 b6
37.a5 bxa5 38.Ra1 Qc7 39.Qe1 Qb7 40.Rxa5 Be3 41.Rd5 Rg8 42.Rxe3 dxe3 43.Qxe3 Qg7
44.Rd2 a5 45.c5 a4 46.bxa4 Qb7 47.h3 Qa6 48.Kh2 Qxa4 49.Rg2 Rxg2+ 50.Kxg2 Qc2+
51.Kg3 Kg7 52.h4 h5 53.Kh3 Kf7 54.Qf3 Ke7 55.Qxh5  1/2-1/2

[Event "KB Czech Open"]
[Site "Pardubice CZE"]
[Date "2003.07.18"]
[Round "1"]
[White "Acs,P"]
[Black "Nezad,H"]
[Result "1/2-1/2"]
[WhiteElo "2606"]
[BlackElo "2308"]

1.e4 c5 2.Nf3 d6 3.Bb5+ Bd7 4.Bxd7+ Nxd7 5.O-O Ngf6 6.Qe2 e6 7.b3 Be7 8.Bb2 O-O
9.c4 a6 10.d4 cxd4 11.Nxd4 Qc7 12.Nc3 Rfe8 13.Rad1 b6 14.f4 Bf8 15.Nf3 h6
16.Kh1 Nh5 17.Qe3 Qc5 18.Qxc5 Nxc5 19.g3 Red8 20.e5 dxe5 21.Nxe5 Nf6 22.Kg2 Nfe4
23.Nxe4 Nxe4 24.Bd4 b5 25.Kf3 f5 26.Rd3 Bd6 27.Rfd1 Bxe5 28.Bxe5 Rxd3+ 29.Rxd3 bxc4
30.bxc4 Rc8 31.Rd7 Rxc4 32.Rxg7+ Kf8 33.Rg6 Kf7 34.Rxh6 Ra4 35.Rh7+ Ke8 36.Rh8+ Kd7
37.Rh7+ Ke8 38.Rh8+ Kf7  1/2-1/2

[Event "zt 3.3"]
[Site "Yongchuan CHN"]
[Date "2003.07.18"]
[Round "7"]
[White "Zhou Weiqi"]
[Black "Xu Jun"]
[Result "1/2-1/2"]
[WhiteElo "2388"]
[BlackElo "2626"]

1.e4 c5 2.Nf3 d6 3.Bb5+ Nd7 4.d4 Nf6 5.Nc3 cxd4 6.Qxd4 e5 7.Qd3 h6 8.Be3 Be7
9.a4 a6 10.Bc4 Qc7 11.O-O Nc5 12.Bxc5 Qxc5 13.Nd5 Nxd5 14.Bxd5 O-O 15.Nd2 Rb8
16.a5 Be6 17.Nb3 Qc7 18.c3 Bxd5 19.Qxd5 Rfc8 20.Rfd1 b6 21.Ra4 Bf8 22.Rd2 b5
23.Rb4 Qd8 24.g3 Rc7 25.Rc2 Rbc8 26.c4 Qd7 27.Rc3 bxc4 28.Rcxc4 Rxc4 29.Rxc4 Rb8
30.Nc5 Qg4 31.Na4 Rb5 32.Qc6 Rxa5 33.Kg2 Qe6 34.Nb6 Rc5 35.Rxc5 dxc5 36.Qxe6 fxe6
37.Nc4 Kf7 38.Kf3 Ke8 39.Ke3 Be7 40.Kd3 Kd8 41.Nd2 Kc7 42.Kc4 Kc6 43.Nb3 Kb6
44.Nc1 Kc6 45.Nd3 Bd6 46.b3 Kb6 47.h3 Kc6 48.Ne1 Kd7 49.Nf3 Kc6 50.h4 Kd7
51.h5 Kc6 52.Nh4 Kd7 53.Ng6 Kc6 54.f4 exf4 55.gxf4 Kd7 56.e5 Bb8 57.Kxc5 Ba7+
58.Kb4 Bb6 59.Kc4 Bf2 60.Kd3 Ke8 61.Ke4 Kf7 62.f5 Bg3 63.Nf4 exf5+ 64.Kxf5 Bxf4
65.Kxf4 g6 66.hxg6+ Kxg6 67.b4 h5 68.Ke4 h4 69.Kf4 h3 70.Kg3 Kf5 71.Kxh3 Kxe5
72.Kg2 Kd4 73.Kf2 Kc4 74.Ke2  1/2-1/2

[Event "zt 3.3"]
[Site "Yongchuan CHN"]
[Date "2003.07.18"]
[Round "7"]
[White "Ni Hua"]
[Black "Zhao Jun"]
[Result "1-0"]
[WhiteElo "2533"]
[BlackElo "2447"]

1.e4 c5 2.Nf3 d6 3.Bb5+ Bd7 4.Bxd7+ Qxd7 5.O-O Nc6 6.Re1 Nf6 7.b3 e6 8.c4 Be7
9.Nc3 Ng4 10.d4 Bf6 11.e5 dxe5 12.d5 e4 13.Nxe4 Bxa1 14.Nxc5 Qd8 15.Nxb7 Qb6
16.Nd6+ Kf8 17.Ne4 exd5 18.cxd5 Nb4 19.Bf4 Nf6 20.Qxa1 Nc2 21.Nxf6 Rd8 22.Ne5  1-0

[Event "TCh-Europe u18"]
[Site "Balatonlelle HUN"]
[Date "2003.07.19"]
[Round "1"]
[White "Bosiocic,Mari"]
[Black "Gonda,L"]
[Result "1/2-1/2"]
[WhiteElo "2157"]
[BlackElo "2449"]

1.e4 c5 2.Nf3 d6 3.Bb5+ Nd7 4.O-O a6 5.Bxd7+ Bxd7 6.d4 cxd4 7.Qxd4 e6 8.Nc3 Qc7
9.Bg5 h6 10.Bh4 Qc5 11.Qxc5 dxc5 12.Ne5 Be7 13.Bxe7 Nxe7 14.Rfd1 Rd8 15.Na4 Nc6
16.Nxd7 Rxd7 17.Rxd7 Kxd7 18.Nxc5+ Kc7 19.Rd1 b6 20.Nb3 e5 21.f3 f6 22.Kf2 h5
23.Nc1 Nd4 24.Nd3 Nc6 25.Ne1 b5 26.Rd5 Nb4 27.Rd1 Nc6 28.Nd3 Rd8 29.Ke1 a5
30.Nc5 Rxd1+ 31.Kxd1 Kd6 32.Nb7+ Kc7 33.Nc5 Kd6 34.Nd3 h4 35.c3 g6 36.Ne1 f5
37.g3 hxg3 38.hxg3 Ne7 39.Ng2 g5 40.Ne3 f4 41.gxf4 gxf4 42.Nf5+ Nxf5 43.exf5 Ke7
44.Ke2 Kf6 45.Kd3 Kxf5 46.b3 Ke6 47.Ke4 a4 48.bxa4 bxa4 49.c4 Kd6 50.Kf5 a3
51.c5+ Kxc5 52.Kxe5 Kc4 53.Kxf4 Kc3 54.Ke3 Kb2 55.Kd2 Kxa2 56.Kc2 Ka1  1/2-1/2

[Event "TCh-Europe u18 girls"]
[Site "Balatonlelle HUN"]
[Date "2003.07.19"]
[Round "1"]
[White "Rudolf,A"]
[Black "Gencer,A"]
[Result "1-0"]
[WhiteElo "2222"]
[BlackElo "1810"]

1.e4 c5 2.Nf3 d6 3.Bb5+ Nc6 4.O-O g6 5.d4 cxd4 6.Qxd4 Nf6 7.e5 dxe5 8.Qxd8+ Kxd8
9.Bxc6 bxc6 10.Nxe5 Ke8 11.Nxc6 Bd7 12.Nd4 Bg7 13.Nd2 h5 14.N2f3 Kf8 15.Re1 e6
16.b3 Kg8 17.Bb2 h4 18.h3 Rh5 19.Ne5 Rd8 20.c4 Bc8 21.Rad1 Bb7 22.Ndf3 Rxd1
23.Rxd1 Kf8 24.Rd8+ Ke7 25.Rb8  1-0

[Event "24th Open"]
[Site "Bled SLO"]
[Date "2003.07.19"]
[Round "8"]
[White "Trescher,M"]
[Black "Krasevec,V"]
[Result "1/2-1/2"]
[WhiteElo "2230"]
[BlackElo "2026"]

1.e4 c5 2.Nf3 d6 3.Bb5+ Bd7 4.Bxd7+ Qxd7 5.O-O Nc6 6.c3 g6 7.d4 Bg7 8.dxc5 dxc5
9.Qxd7+ Kxd7 10.Rd1+ Ke8 11.Be3 b6 12.h3 Nf6 13.Nbd2 Nd7 14.Rab1 Rc8 15.a4 h5
16.Nc4 Nde5 17.Nfxe5 Nxe5 18.Na3 Nc6 19.Rd2 Be5 20.f4 Bb8 21.e5 g5 22.fxg5 Nxe5
23.Rf1 Rd8 24.Rxd8+ Kxd8 25.Bf4 Rh7 26.Rd1+ Kc8 27.Kf1 Nc6 28.Bxb8 Nxb8 29.Nc4 Nc6
30.Ne3 h4 31.Nf5 Rh5 32.Re1 Kd7 33.Re4 Rxg5 34.Nxh4 f5 35.Re2 Rh5 36.Ng6 Rh6
37.Ne5+ Nxe5 38.Rxe5 e6 39.Re3 Kd6 40.Rd3+ Ke7 41.c4 Rh7 42.g4 fxg4 43.hxg4 Kf6
44.Kg2 Kg5 45.a5 Kxg4 46.axb6 axb6 47.Rd6 Rb7 48.Rxe6 b5 49.cxb5 Rxb5 50.Re2 Kf4
51.Kf2 Rb3  1/2-1/2

[Event "3rd Savaria Summer Open"]
[Site "Szombathely HUN"]
[Date "2003.07.19"]
[Round "1"]
[White "Tamas,M"]
[Black "Szeberenyi,A"]
[Result "0-1"]
[WhiteElo "1992"]
[BlackElo "2385"]

1.e4 c5 2.Nf3 d6 3.Bb5+ Bd7 4.Bxd7+ Qxd7 5.O-O Nc6 6.c3 Nf6 7.Re1 e6 8.d4 cxd4
9.cxd4 d5 10.e5 Ne4 11.Nbd2 Nxd2 12.Bxd2 Be7 13.Bc3 O-O 14.Nd2 b5 15.b3 Rfc8
16.Rc1 Ba3 17.Rc2 Rc7 18.Nb1 Be7 19.Qd3 Rac8 20.Rec1 a6 21.Bd2 f6 22.f4 f5
23.a3 Rb7 24.b4 Bd8 25.Kf1 Bb6 26.Bc3 Rbc7 27.Nd2 Qd8 28.Nb3 Qh4 29.g3 Qh5
30.Nc5 Bxc5 31.dxc5 g5 32.Qe2 Qxe2+ 33.Rxe2 Rg7 34.Rg2 Kf7 35.Rcc2 Rcg8 36.Rce2 gxf4
37.gxf4 Rg4 38.Rxg4 Rxg4 39.Bd2 Nd4 40.Rg2 Rh4 41.Rf2 Rh3 42.Bc1 Nc6 43.Kg2 Rc3
44.Bb2 Rc4 45.Rf3 a5 46.bxa5 Nxa5 47.Rc3 Ke7 48.Rxc4 Nxc4 49.Bc1 Kd7 50.Kh3 Kc6
51.Kh4 Kxc5 52.Kg5 d4 53.Kh6 d3 54.Kxh7 Kd4 55.h4 Na5 56.Bb2+ Kc4 57.Bc1 Kc3
58.h5 Kc2 59.Be3 Nc4 60.Bd2 Nxd2 61.h6 Nc4 62.Kg7 d2 63.h7 d1=Q 64.h8=Q Qg4+
65.Kf7 Qxf4 66.Qc8 Qxe5 67.Qc6 Qd5 68.Qc7 Qd7+  0-1

[Event "zt 3.3"]
[Site "Yongchuan CHN"]
[Date "2003.07.19"]
[Round "8"]
[White "Zhang Zhong"]
[Black "Zhao Jun"]
[Result "1-0"]
[WhiteElo "2658"]
[BlackElo "2447"]

1.e4 c5 2.Nf3 d6 3.Bb5+ Bd7 4.Bxd7+ Qxd7 5.c4 Nc6 6.Nc3 Ne5 7.d4 Nxf3+ 8.gxf3 cxd4
9.Qxd4 e6 10.Be3 Ne7 11.f4 Nc6 12.Qd2 Be7 13.Rg1 g6 14.O-O-O Rd8 15.Kb1 Qc7
16.Nb5 Qc8 17.Qc3 O-O 18.f5 d5 19.cxd5 Bb4 20.Qb3 exd5 21.fxg6  1-0

[Event "18th Touraine Open"]
[Site "Avoine FRA"]
[Date "2003.07.20"]
[Round "2"]
[White "Vallet,M"]
[Black "Tihonov,J"]
[Result "0-1"]
[WhiteElo "2208"]
[BlackElo "2382"]

1.e4 c5 2.Nf3 d6 3.Bb5+ Bd7 4.Bxd7+ Nxd7 5.O-O Ngf6 6.Re1 e6 7.d4 cxd4 8.Nxd4 Be7
9.c4 O-O 10.Nc3 a6 11.b3 Qa5 12.Bb2 Rfd8 13.f4 Nf8 14.Kh1 Rac8 15.Qf3 Ng6
16.f5 Nf8 17.g4 N6d7 18.fxe6 fxe6 19.Nf5 Ng6 20.Nxe7+ Nxe7 21.g5 Ng6 22.Qg4 Re8
23.Rad1 Nde5 24.Qg3 Rf8 25.Re3 b5 26.cxb5 axb5 27.Rxd6 Rf1+ 28.Kg2 Rcf8 29.Ne2 R8f2+
30.Kh3 Rf3 31.Rxe6 Rxg3+ 32.Nxg3  0-1

[Event "KB Czech Open"]
[Site "Pardubice CZE"]
[Date "2003.07.20"]
[Round "3"]
[White "Oral,T"]
[Black "Bobras,P"]
[Result "1/2-1/2"]
[WhiteElo "2543"]
[BlackElo "2462"]

1.e4 c5 2.Nf3 d6 3.Bb5+ Nd7 4.d4 Nf6 5.Nc3 cxd4 6.Qxd4 e5 7.Qd3 h6 8.Be3 Be7
9.Bc4 a6 10.a4 Qc7 11.O-O Nc5 12.Bxc5 Qxc5 13.Rad1 Bd7 14.Bb3 Rc8  1/2-1/2

[Event "11th Open"]
[Site "St Affrique FRA"]
[Date "2003.07.20"]
[Round "2"]
[White "Midoux,S"]
[Black "Ninov,N"]
[Result "1-0"]
[WhiteElo "2295"]
[BlackElo "2453"]

1.e4 c5 2.Nf3 d6 3.Bb5+ Nc6 4.Bxc6+ bxc6 5.O-O e5 6.c3 f5 7.exf5 Bxf5 8.d4 cxd4
9.cxd4 e4 10.Qc2 Rc8 11.Ng5 Nh6 12.Nxe4 d5 13.Bxh6 Bxe4 14.Qe2 gxh6 15.f3 Qb6
16.fxe4 Qxd4+ 17.Kh1 Qxe4 18.Qa6 Rc7 19.Nc3 Qg6 20.Rae1+ Kd7 21.Nxd5 Bd6
22.Nf6+ Kd8 23.Rd1  1-0

[Event "3rd Savaria Summer Open"]
[Site "Szombathely HUN"]
[Date "2003.07.20"]
[Round "2"]
[White "Amrein,R"]
[Black "Perunovic,Mil"]
[Result "1/2-1/2"]
[WhiteElo "2287"]
[BlackElo "2527"]

1.e4 c5 2.Nf3 d6 3.Bb5+ Nc6 4.O-O Bd7 5.Re1 Nf6 6.c3 a6 7.Bf1 Bg4 8.d3 e6
9.Nbd2 Be7 10.h3 Bh5 11.Qb3 Qc7 12.d4 cxd4 13.cxd4 d5 14.e5 Nd7 15.a3 Rc8
16.Qe3 O-O 17.Bd3 Na5 18.Nh2 Nc4 19.Bxc4 dxc4 20.Ne4 Bg6 21.Nc3 b5 22.f4 Rfd8
23.Qf2 Nb6 24.Be3 Qd7 25.g4 Bd3 26.Rac1 a5 27.Nf3 b4 28.axb4 axb4 29.Ne2 Na4
30.Ng3 Qd5 31.f5 Bf8 32.Ng5 Rd7 33.Nh5 exf5 34.gxf5 Rdc7 35.Nxh7 Kxh7 36.Qh4 Kg8
37.Nf6+ gxf6 38.Qg4+ Kh8 39.Qh5+ Kg8 40.Qg4+ Kh8 41.Qh5+ Kg8 42.Qg4+  1/2-1/2

[Event "ch-City"]
[Site "Tehran IRI"]
[Date "2003.07.20"]
[Round "9"]
[White "Darban,M"]
[Black "Noroozi,O"]
[Result "0-1"]
[WhiteElo "2341"]
[BlackElo "2196"]

1.e4 c5 2.Nf3 d6 3.Bb5+ Bd7 4.Bxd7+ Qxd7 5.c4 e5 6.Nc3 Nc6 7.d3 Nge7 8.a3 g6
9.Rb1 Bg7 10.b4 b6 11.h4 f5 12.Bg5 Ng8 13.h5 h6 14.Bd2 g5 15.exf5 Qxf5 16.Ne4 Qd7
17.Qe2 Nge7 18.Nc3 Rd8 19.Qe4 Nd4 20.Nxd4 cxd4 21.Nd5 Nxd5 22.Qxd5 Qf5 23.Rb3 Rf8
24.f3 Ke7 25.Ke2 g4 26.Rbb1 Bf6 27.Qe4 gxf3+ 28.gxf3 Bg5 29.Bxg5+ hxg5 30.Rbg1 Kf6
31.Rg4 Rh8 32.h6 Qxe4+ 33.fxe4 Rdg8 34.Rg2 Kg6 35.h7 Rg7 36.Rhg1 Kf6 37.Rf1+ Ke6
38.Rfg1 Rhxh7 39.Rxg5 Rh2+ 40.Ke1 Rxg5 41.Rxg5 Kf6 42.Rf5+ Kg6 43.Rf8 Kg5
44.Rf2 Rh1+ 45.Rf1 Rh3 46.Ke2 Kg4  0-1

[Event "zt 3.3"]
[Site "Yongchuan CHN"]
[Date "2003.07.21"]
[Round "9"]
[White "Zhou Weiqi"]
[Black "Wang Zili"]
[Result "1-0"]
[WhiteElo "2388"]
[BlackElo "2542"]

1.Nf3 c5 2.e4 d6 3.Bb5+ Bd7 4.Bxd7+ Qxd7 5.c4 Nf6 6.Nc3 Nc6 7.O-O Ne5 8.b3 e6
9.Kh1 Qc6 10.d4 Nxf3 11.d5 exd5 12.exd5 Qd7 13.Qxf3 Be7 14.Bf4 O-O 15.Rae1 Rfe8
16.h3 a6 17.a4 Bd8 18.Rxe8+ Nxe8 19.Ne4 b5 20.Re1 bxa4 21.bxa4 Bf6 22.Qg4 Qxa4
23.Bxd6 Bd4 24.Bxc5 Qa5 25.Bxd4 Qxe1+ 26.Kh2 h5 27.Qf5 Qb4 28.f4 Qe7 29.c5 g6
30.Nf6+ Kf8 31.Qg5 Nxf6 32.d6 Ng4+ 33.hxg4 Qxg5 34.fxg5 Rd8 35.c6 Ke8 36.d7+ Rxd7
37.cxd7+  1-0

[Event "zt 3.3 w"]
[Site "Yongchuan CHN"]
[Date "2003.07.21"]
[Round "9"]
[White "Li Ruofan"]
[Black "Gu Xiaobing"]
[Result "0-1"]
[WhiteElo "2433"]
[BlackElo "2346"]

1.e4 c5 2.Nf3 d6 3.Bb5+ Nc6 4.O-O Bd7 5.Re1 Nf6 6.c3 a6 7.Bf1 Bg4 8.d4 cxd4
9.cxd4 Qb6 10.d5 Ne5 11.Nc3 g6 12.Be3 Qxb2 13.Na4 Qa3 14.Nb6 Rd8 15.h3 Bxf3
16.gxf3 Nfd7 17.f4 Nxb6 18.fxe5 Nd7 19.e6 fxe6 20.dxe6 Ne5 21.Rb1 b5 22.Rxb5 Bg7
23.Rb7 O-O 24.Rxe7 Nf3+ 25.Kh1 Bf6 26.Ra7 Nxe1 27.e7 Bxe7 28.Rxe7 d5 29.Qxe1 Qxe7
30.exd5 Rxd5 31.Qb1 Qd7 32.Qb3 Kg7 33.Qc3+ Rf6 34.Kg2 Qc6 35.Qxc6 Rxc6 36.a4 Ra5
37.Bd4+ Kf7 38.Be2 Rxa4 39.Be3 Re6 40.Bd1 Rxe3  0-1

[Event "MTO"]
[Site "Biel SUI"]
[Date "2003.07.24"]
[Round "4"]
[White "Gaspariants,G"]
[Black "Shchekachev,A"]
[Result "1/2-1/2"]
[WhiteElo "2293"]
[BlackElo "2550"]

1.e4 c5 2.Nf3 d6 3.Bb5+ Nd7 4.c3 Nf6 5.Qe2 a6 6.Ba4 e5 7.O-O Be7 8.d4 b5
9.Bc2 O-O 10.Rd1 Qb6 11.Nbd2 cxd4 12.cxd4 exd4 13.Nb3 Bb7 14.Nfxd4 Rfe8 15.Nf5 Bf8
16.Be3  1/2-1/2

[Event "TCh-Europe u18"]
[Site "Balatonlelle HUN"]
[Date "2003.07.25"]
[Round "6"]
[White "Bosiocic,Mari"]
[Black "Jeffares,S"]
[Result "1-0"]
[WhiteElo "2157"]
[BlackElo "2036"]

1.e4 c5 2.Nf3 d6 3.Bb5+ Bd7 4.Bxd7+ Qxd7 5.c4 Nc6 6.O-O Nf6 7.Nc3 e6 8.d4 cxd4
9.Nxd4 Be7 10.Nde2 O-O 11.Bg5 a6 12.a4 Rac8 13.Qd2 Rfd8 14.Rfd1 Qc7 15.b3 Qa5
16.Rab1 h6 17.Bf4 g5 18.Bg3 Nh5 19.Qe3 Nxg3 20.hxg3 Qe5 21.Rd2 Qf6 22.Rbd1 Ne5
23.Nd4 Ng6 24.Nf5 Rc6 25.Nxe7+ Qxe7 26.Ne2 Rc7 27.Rd4 Rcd7 28.Qd2 Ne5 29.Nc3 Qf6
30.Qe3 Kf8 31.f4 gxf4 32.gxf4 Nc6 33.R4d2 Ke8 34.Rd3 Ne7 35.Qd2 Ng6 36.Ne2 Qe7
37.Rh3 Qf8 38.f5 Ne5 39.Rxh6 Qg8 40.Qf4 Re7 41.c5 Ng4 42.f6 Red7 43.Qxg4  1-0

[Event "3rd Savaria Summer Open"]
[Site "Szombathely HUN"]
[Date "2003.07.25"]
[Round "7"]
[White "Sanduleac,V"]
[Black "Varadi,V"]
[Result "1-0"]
[WhiteElo "2487"]
[BlackElo "2370"]

1.e4 c5 2.Nf3 d6 3.Bb5+ Nd7 4.O-O Nf6 5.Re1 e6 6.c3 Be7 7.d4 cxd4 8.cxd4 O-O
9.Nc3 a6 10.Bf1 e5 11.a4 Re8 12.Bc4 exd4 13.Bxf7+ Kxf7 14.Ng5+ Kg6 15.f4 Ne5
16.f5+ Bxf5 17.exf5+ Kxf5 18.Rxe5+ dxe5 19.Qd3+ e4 20.Ncxe4 Bb4 21.Nd6+ Ke5
22.Bf4+  1-0

[Event "TCh-Europe u18"]
[Site "Balatonlelle HUN"]
[Date "2003.07.26"]
[Round "7"]
[White "Jeffares,S"]
[Black "Navara,D"]
[Result "0-1"]
[WhiteElo "2036"]
[BlackElo "2608"]

1.e4 c5 2.Nf3 d6 3.Bb5+ Nd7 4.d4 Nf6 5.Nc3 cxd4 6.Qxd4 e5 7.Qd1 h6 8.O-O Be7
9.Re1 O-O 10.Bc4 Nb6 11.Bb3 Be6 12.Nh4 Kh7 13.Qd3 Nfd7 14.Nf5 Bxf5 15.exf5 Nc5
16.Qf3 Bg5 17.Bxg5 Qxg5 18.Ne4 Nxe4 19.Qxe4 Kg8 20.Rad1 Rfd8 21.Rd3 Rd7 22.Rg3 Qe7
23.Qg4 Qf6 24.Qg6 Kh8 25.Qxf6 gxf6 26.Re4 Rg8 27.Rh3 Kg7 28.Rg4+ Kf8 29.Rxg8+ Kxg8
30.Rxh6 a5 31.c3 a4 32.Bc2 a3 33.b3 Nd5 34.Rh3 Rc7 35.c4 b5 36.Be4 bxc4 37.bxc4 Rxc4
38.Bd3 Rc1+ 39.Bf1 Nc3 40.Re3 d5 41.g3 d4 42.Rd3 e4 43.Rd2 d3 44.Kg2 Rc2  0-1

[Event "TCh-Europe u18 girls"]
[Site "Balatonlelle HUN"]
[Date "2003.07.26"]
[Round "7"]
[White "Rudolf,A"]
[Black "Kadziolka,B"]
[Result "1/2-1/2"]
[WhiteElo "2222"]
[BlackElo "2255"]

1.e4 c5 2.Nf3 d6 3.Bb5+ Nc6 4.O-O Bd7 5.Re1 Nf6 6.c3 a6 7.Bf1 Bg4 8.d3 g6
9.Nbd2 Bg7 10.h3 Bxf3 11.Nxf3 O-O 12.d4 cxd4 13.cxd4 Rc8 14.Qb3 Na5 15.Qb4 b5
16.a4 Nc6 17.Qd2 d5 18.e5 Ne4 19.Qd1 Nb4 20.Bd3 Nxd3 21.Qxd3 Qb6 22.axb5 axb5
23.Bd2 e6 24.Rec1 Rfe8 25.Be3  1/2-1/2

[Event "ch-COL"]
[Site "Cali COL"]
[Date "2003.07.26"]
[Round "8"]
[White "Garcia,Gild"]
[Black "Mosquera,M"]
[Result "1/2-1/2"]
[WhiteElo "2473"]
[BlackElo "2389"]

1.e4 c5 2.Nf3 d6 3.Bb5+ Bd7 4.Bxd7+ Qxd7 5.c4 Nc6 6.Nc3 g6 7.d4 cxd4 8.Nxd4 Bg7
9.Be3 Nf6 10.h3 O-O 11.O-O Rac8 12.b3 a6 13.Rc1 e6 14.Qd3 Rfd8 15.Rfd1 Nxd4
16.Bxd4 Qc6 17.Qe3 h6 18.Bxf6 Bxf6 19.Qxh6 Bxc3 20.Rxc3 Qxe4 21.Re3 Qf5 22.Rd4 Qf6
23.Rh4 Rc5 24.Rf3 Qg7 25.Qd2 b5 26.Rhf4 f5 27.Rd4 d5 28.Rfd3 bxc4 29.bxc4 Qc7
30.Qg5 Kf7 31.Rg3 Rg8 32.Rh4 Ke8 33.cxd5 Rxd5 34.Qf6 Qe7 35.Rxg6 Qxf6 36.Rxf6 Ke7
37.Rhh6 Re5 38.h4 Re1+ 39.Kh2 a5 40.Rfg6 Rxg6 41.Rxg6 Ra1 42.h5 Kf7 43.Rg3 Rxa2
44.h6 Rb2 45.Rg7+ Kf6 46.Ra7 Rb8 47.Kg3 Rh8 48.h7 a4 49.Kf4 a3 50.f3 a2 51.g4 fxg4
52.fxg4 e5+  1/2-1/2

[Event "ch-AUT"]
[Site "Hartberg AUT"]
[Date "2003.07.28"]
[Round "2"]
[White "Neubauer,M"]
[Black "Freitag,M"]
[Result "1-0"]
[WhiteElo "2417"]
[BlackElo "2393"]

1.e4 c5 2.Nf3 d6 3.Bb5+ Bd7 4.Bxd7+ Nxd7 5.O-O Ngf6 6.Qe2 e6 7.b3 Be7 8.Bb2 O-O
9.c4 Qc7 10.Nc3 a6 11.d4 cxd4 12.Nxd4 Rfe8 13.Rac1 Rac8 14.Kh1 Qc5 15.Rcd1 Qh5
16.Qxh5 Nxh5 17.Rfe1 Bf8 18.g3 Nhf6 19.Kg2 g6 20.Re2 Rc5 21.Nc2 Rec8 22.Ba3 R5c6
23.Red2 Ne8 24.Nd4 R6c7 25.Bb4 b6 26.f4 Ndf6 27.a4 Rb7 28.Nf3 Nxe4 29.Nxe4 d5
30.Bxf8 dxe4 31.Ba3 exf3+ 32.Kxf3 f5 33.Rd7 Rxd7 34.Rxd7 b5 35.Re7 bxa4 36.bxa4 Nf6
37.Rxe6 Ne4 38.Rxa6 Rxc4 39.Bb2 Rb4 40.Be5 Rb3+ 41.Kg2 Kf7 42.Ra7+ Ke6 43.Rxh7 g5
44.a5 Ra3 45.a6 Ra2+ 46.Kf3 Kd5 47.a7 Nd2+ 48.Ke3 Nc4+ 49.Kd3 Nxe5+ 50.fxe5 Ra3+
51.Kc2 Kxe5 52.Kb2 Ra5 53.Kb3 Ke4 54.Kb4 Ra1 55.Kb5 Kf3 56.Kb6 Kg2 57.Kb7  1-0

[Event "3rd Open"]
[Site "Plancoet FRA"]
[Date "2003.07.28"]
[Round "3"]
[White "Azadharf,F"]
[Black "Alanic,M"]
[Result "1/2-1/2"]
[WhiteElo "2229"]
[BlackElo "2073"]

1.e4 c5 2.Nf3 d6 3.Bb5+ Bd7 4.Bxd7+ Qxd7 5.O-O g6 6.d4 cxd4 7.Qxd4 Nf6 8.Bg5 Bg7
9.Nc3 O-O 10.Qd2 Rd8 11.Rfe1 Nc6 12.Nd5 Nxd5 13.exd5 Ne5 14.Nxe5 dxe5 15.c4 f6
16.Be3 e6 17.Red1 exd5 18.cxd5 Bf8 19.Rac1 Bd6 20.f3 Qa4 21.b3 Qb5 22.Qf2 b6
23.Qh4 Kg7 24.Qh6+ Kg8 25.Qh4  1/2-1/2

[Event "ITT"]
[Site "Vicente Lopez ARG"]
[Date "2003.07.29"]
[Round "6"]
[White "Valiente,C"]
[Black "Granara Barreto,S"]
[Result "1/2-1/2"]
[WhiteElo "2322"]
[BlackElo "2248"]

1.e4 c5 2.Nf3 d6 3.Bb5+ Bd7 4.Bxd7+ Nxd7 5.O-O Ngf6 6.Qe2 e6 7.b3 Be7 8.Bb2 O-O
9.c4 Ne8 10.d4 cxd4 11.Bxd4 Qa5 12.Nc3 Nef6 13.e5 dxe5 14.Nxe5 Nxe5 15.Qxe5 a6  1/2-1/2

[Event "MTO"]
[Site "Biel SUI"]
[Date "2003.07.30"]
[Round "9"]
[White "Tkachiev,V"]
[Black "Dvoirys,S"]
[Result "1-0"]
[WhiteElo "2654"]
[BlackElo "2555"]

1.e4 c5 2.Nf3 d6 3.Bb5+ Nc6 4.O-O Bd7 5.Re1 Nf6 6.c3 a6 7.Bf1 e5 8.h3 Be7
9.d4 Qc7 10.d5 Nd8 11.a4 O-O 12.a5 Ne8 13.Nbd2 f5 14.Bd3 fxe4 15.Nxe4 Nf7
16.c4 Nf6 17.Qc2 Nxe4 18.Bxe4 h6 19.Qe2 Qc8 20.Rb1 Rb8 21.b4 cxb4 22.Bd2 b5
23.Rxb4 Qc5 24.Reb1 Ng5 25.Be3 Nxf3+ 26.Bxf3 Qc8 27.Bg4 Bxg4 28.Qxg4 Ra8
29.cxb5 axb5 30.Rxb5 Qxg4 31.hxg4 Bd8 32.Ra1 Ra6 33.Bb6 Kf7 34.Rc1 Re8 35.Rc6 Be7
36.Bc7 Rea8 37.Rb7  1-0

[Event "It"]
[Site "Kramatorsk UKR"]
[Date "2003.07.30"]
[Round "3"]
[White "Andreev,Ed"]
[Black "Efimenko,Z"]
[Result "1/2-1/2"]
[WhiteElo "2490"]
[BlackElo "2546"]

1.e4 c5 2.Nf3 d6 3.Bb5+ Nd7 4.d4 Nf6 5.Nc3 cxd4 6.Qxd4 e5 7.Qd3 h6 8.Be3 Be7
9.Bc4 a6 10.a4 Qc7 11.O-O Nc5 12.Bxc5 Qxc5 13.Nd5 Nxd5 14.Bxd5 O-O 15.Nd2 Rb8
16.Nc4  1/2-1/2

[Event "It"]
[Site "Kramatorsk UKR"]
[Date "2003.08.01"]
[Round "5"]
[White "Andreev,Ed"]
[Black "Areshchenko,A"]
[Result "1-0"]
[WhiteElo "2490"]
[BlackElo "2542"]

1.e4 c5 2.Nf3 d6 3.Bb5+ Nd7 4.d4 Nf6 5.Nc3 a6 6.Bxd7+ Nxd7 7.O-O e6 8.dxc5 Nxc5
9.Bg5 Qb6 10.Rb1 Bd7 11.Re1 Na4 12.Nd5 Qc5 13.c4 f6 14.Bxf6 exd5 15.exd5+ Kf7
16.Bd4 Qxc4 17.Rc1 Qb5 18.Ng5+ Kg6 19.Ne6 Re8 20.Qg4+ Kf7 21.Ng5+ Kg8 22.Qf3 Rxe1+
23.Rxe1 Be8 24.Qe4 Bd7 25.Ne6 Nc5 26.Bxc5 dxc5 27.Nxf8 Kxf8 28.Qf4+ Kg8 29.Re7 Be8
30.Qe5  1-0

[Event "4th It"]
[Site "Montreal CAN"]
[Date "2003.08.02"]
[Round "10"]
[White "Rozentalis,E"]
[Black "Bluvshtein,M"]
[Result "1-0"]
[WhiteElo "2586"]
[BlackElo "2447"]

1.e4 c5 2.Nf3 d6 3.Bb5+ Nc6 4.O-O Bd7 5.Re1 Nf6 6.c4 Ne5 7.Bxd7+ Qxd7 8.d3 Qg4
9.Nc3 Nxf3+ 10.Qxf3 Qxf3 11.gxf3 e6 12.Be3 Be7 13.d4 cxd4 14.Bxd4 O-O 15.Rad1 a6
16.a4 Nd7 17.b3 Rac8 18.f4 Rfd8 19.Re2 Kf8 20.f5 Nc5 21.Rb2 Bf6 22.Bxf6 gxf6
23.f3 Ke7 24.Kf2 Rg8 25.Ke3 Nd7 26.Rbd2 Rc6 27.fxe6 fxe6 28.Ne2 Nc5 29.Nd4 Rcc8
30.a5 Rg5 31.f4 Rh5 32.Rg1 Rf8 33.b4  1-0

[Event "ch-SLO"]
[Site "Bled SLO"]
[Date "2003.08.03"]
[Round "2"]
[White "Drobne,M"]
[Black "Susnik,M"]
[Result "1/2-1/2"]
[WhiteElo "2011"]
[BlackElo "2206"]

1.e4 c5 2.Nf3 d6 3.Bb5+ Bd7 4.Bxd7+ Qxd7 5.O-O Nc6 6.c3 d5 7.exd5 Qxd5 8.d4 e6
9.Be3 cxd4 10.Nxd4 Nxd4 11.Qxd4 Nf6 12.Nd2 Be7 13.c4 Qh5 14.h3 O-O 15.Nf3 Rfd8
16.Qe5 Qxe5 17.Nxe5  1/2-1/2

[Event "Hilton Premier"]
[Site "Blackpool ENG"]
[Date "2003.08.04"]
[Round "1"]
[White "Shaw,J"]
[Black "Hunt,A"]
[Result "1-0"]
[WhiteElo "2480"]
[BlackElo "2395"]

1.e4 c5 2.Nf3 d6 3.Bb5+ Bd7 4.Bxd7+ Qxd7 5.O-O Nf6 6.e5 dxe5 7.Nxe5 Qc7 8.d4 e6
9.Bf4 Qb6 10.Nd2 cxd4 11.Nb3 Nc6 12.Nxc6 Qxc6 13.Nxd4 Qd7 14.Be5 Be7 15.Qf3 O-O
16.c4 Qc8 17.Rfd1 Nd7 18.Bg3 a6 19.Rac1 Bf6 20.Qe4 Rd8 21.b4 Nb6 22.c5 Nd5
23.a3 Qd7 24.Be5 Bxe5 25.Qxe5 Nf6 26.Qe2 Qa4 27.Qf3 a5 28.Qb3 axb4 29.axb4 h6
30.g3 Rd5 31.Qxa4 Rxa4 32.Rb1 Ne4 33.c6 bxc6 34.Nxc6 Rb5 35.Rd8+ Kh7 36.Rb8 Rxb8
37.Nxb8 Nc3 38.Rb3 Nb5 39.Nd7 Kg6 40.Kg2 Ra7 41.Nc5 Kf5 42.Rd3 g5 43.Rd8 Nc3
44.Rh8 Ra2 45.Rd8 Nd5 46.b5 Ne3+ 47.Kf3 Ng4 48.Nd3 e5 49.Rd5 Ra3 50.h3 Nf6
51.Rxe5+ Kg6 52.Ke3  1-0

[Event "ch-AUT"]
[Site "Hartberg AUT"]
[Date "2003.08.04"]
[Round "9"]
[White "Neubauer,M"]
[Black "Danner,G"]
[Result "1/2-1/2"]
[WhiteElo "2417"]
[BlackElo "2359"]

1.e4 c5 2.Nf3 d6 3.Bb5+ Bd7 4.Bxd7+ Qxd7 5.O-O Nc6 6.c3 Nf6 7.d4 cxd4 8.cxd4 d5
9.e5 Ne4 10.Ne1 h6 11.f3 Ng5 12.Be3 e6 13.Nc3 Be7 14.Qd3 f5 15.exf6 Bxf6
16.Bxg5 Bxd4+ 17.Be3 Bxe3+ 18.Qxe3 d4 19.Qd2 dxc3  1/2-1/2